02259cam a22003374a 4500001001000000003000600010005001700016008004100033010001500074020001800089020005400107020006300161020006000224040003300284042000800317050002300325060000900348082001200357100002200369245020600391250001200597260004100609300004100650504005100691505103300742650001801775650003101793650004001824700003301864700002401897671465411OCoLC20150408114013.0101019s2012 maua b 001 0 eng  a2010044963 a9780321732675 a0321712714 (Student ed. : hardcover : alk. paper) a9780321716361 (Professional copy : hardcover : alk. paper) a0321716361 (Professional copy : hardcover : alk. paper) aDNLM/DLCcDLCdNLMdIG#dCTI apcc00aQR41.2b.B383 201210aQW 400a5792221 aBauman, Robert W.10aMicrobiology :bwith diseases by body system /cRobert W. Bauman ; contributions by Elizabeth Machunis-Masuoka, Jean E. Montgomery ; clinical consultants, Cecily D. Cosby, Janet Fulks, John M. Lammert. a3rd ed. aBoston :bBenjamin Cummings,cc2012. axxxvi, 803 p. :bcol. ill. ;c29 cm. aIncludes bibliographical references and index.0 aA brief history of microbiology -- The chemistry of microbiology -- Cell structure and function -- Microscopy, staining, and classification -- Microbial metabolism -- Microbial nutrition and growth -- Microbial genetics -- Recombinant DNA technology -- Controlling microbial growth in the environment -- Controlling microbial growth in the body : antimicrobial drugs -- Characterizing and classifying prokaryotes -- Characterizing and classifying eukaryotes -- Characterizing and classifying viruses, viroids, and prions -- Infection, infectious disease, and epidemiology -- Innate immunity -- Adaptive immunity -- Immunization and immune testing -- AIDS and other immune disorders -- Microbial diseases of the skin and wounds -- Microbial diseases of the nervous system and eyes -- Microbial cardiovascular and systemic diseases -- Microbial diseases of the respiratory system -- Microbial diseases of the digestive system -- Microbial diseases of the urinary and reproductive systems -- Applied and environmental microbiology. 0aMicrobiology.12aMicrobiological Phenomena.22aBacterial Infectionsxmicrobiology.1 aMachunis-Masuoka, Elizabeth.1 aMontgomery, Jean E.